000 01209nam a2200325 i 4500
001 000022550
003 DO-SdBNP
005 20250819133320.0
007 ta
008 101013s1998 dr ac 001 0 spa d
040 _aDO-SdBNP
_bspa
_cBNPHU
_erda
041 _asp
082 _a972.91
_bC355c
_222
100 1 _aCastro, Fidel
_eautor
_d1926-2016
_916971
245 1 0 _aConferencia magistral en la Universidad Autónoma de Santo Domingo del Comandante Fidel Castro /
_cFidel Castro Ruz.
264 _aSanto Domingo :
_bUASD,
_c1998.
300 _a86 páginas :
_bilustraciones retratos. ;
_c21 cm.
336 _ardacontent
_btexto
_2txt
337 _ardamedia
_bsin mediación
_2n
338 _ardacarrier
_bvolumen
_2nc
490 1 _aPublicaciones de la Universidad Autónoma de Santo Domingo
_v888
490 1 _aConferencia Magistral
_v1
590 _aInventariado, 2025/DG
651 4 _aCuba
_xHistoria
_xEnsayos, Conferencias, Etc.
_945686
700 1 _aUniversidad Autónoma de Santo Domingo
_930876
830 0 _aPublicaciones de la Universidad Autónoma de Santo Domingo
_n888
_946416
830 0 _aConferencia Magistral
_n1
_946417
910 _aValidado. Control de calidad EMS
942 _2ddc
_cLBS1
999 _c22047
_d22047